000 00826nam a22002177a 4500
005 20240530110336.0
008 141019s2010 ua o gr 000 0 ara d
017 _a24758/2009
_bمصر . دار الكتب
020 _a9789773286693
040 _aEG-CaGPL
082 0 4 _221
_a372.21
_bس م
100 0 _aسعاد البسيونى
245 1 _aمجلات الاطفال :
_bودورها فى تنمية الوعى الثقافى لدى طفل ما قبل المدرسة /
_cسعاد البسيونى
260 _aالاسكندرية :
_bدار الجامعة الجديدة ،
_c2010
300 _a352 ص :
_bصور ؛
_c24 سم
650 0 4 _aرياض الاطفال
650 0 4 _aتعليم الاطفال
650 0 4 _aمجلات الاطفال
942 _2ddc
_cBK
999 _c59801
_d59801